Organizational behavior: (Record no. 207462)

MARC details
000 -LEADER
fixed length control field 00732nam a2200229Ia 4500
003 - CONTROL NUMBER IDENTIFIER
control field OSt
005 - DATE AND TIME OF LATEST TRANSACTION
control field 20220208123704.0
008 - FIXED-LENGTH DATA ELEMENTS--GENERAL INFORMATION
fixed length control field 210716s2009 xx 000 0 und d
020 ## - INTERNATIONAL STANDARD BOOK NUMBER
International Standard Book Number 9788189938246
040 ## - CATALOGING SOURCE
Transcribing agency AIMIT LIBRARY
041 ## - LANGUAGE CODE
Language code of text/sound track or separate title eng
082 ## - DEWEY DECIMAL CLASSIFICATION NUMBER
Classification number 658.4
Edition number 1
Item number SAGM
100 ## - MAIN ENTRY--PERSONAL NAME
Personal name Sagini, Meshack M.
9 (RLIN) 17864
245 ## - TITLE STATEMENT
Title Organizational behavior:
Remainder of title challenges of the new millennium.
Statement of responsibility, etc. By Meshack M, Sagini.
250 ## - EDITION STATEMENT
Edition statement 1st ed.
260 ## - PUBLICATION, DISTRIBUTION, ETC.
Place of publication, distribution, etc. New Delhi :
Date of publication, distribution, etc. 2009.
Name of publisher, distributor, etc. Overseas Press India Pvt. Ltd. ,
300 ## - PHYSICAL DESCRIPTION
Extent 731p. ;
Dimensions 21.5 cm.
650 ## - SUBJECT ADDED ENTRY--TOPICAL TERM
Topical term or geographic name entry element Organizational work motivation
9 (RLIN) 17865
650 ## - SUBJECT ADDED ENTRY--TOPICAL TERM
Topical term or geographic name entry element Organizational technology
9 (RLIN) 17866
650 ## - SUBJECT ADDED ENTRY--TOPICAL TERM
Topical term or geographic name entry element Organizational decision making
9 (RLIN) 17867
942 ## - ADDED ENTRY ELEMENTS (KOHA)
Source of classification or shelving scheme Dewey Decimal Classification
Koha item type Book
Edition 1st
Call number prefix 658.4 SAGM
Holdings
Withdrawn status Lost status Source of classification or shelving scheme Damaged status Not for loan Collection code Home library Current library Date acquired Cost, normal purchase price Inventory number Total Checkouts Full call number Barcode Date last seen Cost, replacement price Price effective from Koha item type
    Dewey Decimal Classification     MBA St Aloysius Institute of Management & Information Technology St Aloysius Institute of Management & Information Technology 10/01/2012 645.00 Bill no:1348; Bill dt:2012-09-19   658.4 SAGM MBA10028 05/23/2026 483.75 07/16/2021 Book